| 000 | 01356naa a22003617a 4500 | ||
|---|---|---|---|
| 001 | BR8707682 | ||
| 003 | BR-BrBNA | ||
| 005 | 20240918175901.0 | ||
| 007 | ta | ||
| 008 | 230509b bl.||||| |||| 00| 0 por d | ||
| 040 |
_aBR-BrBNA _bpor _cBiblioteca Nacional de Agricultura |
||
| 041 | _a(Pt) | ||
| 072 |
_aF30; F60; P33 _b0180 _bG514 _bGZ12 |
||
| 090 | _aF30 BR8707682 | ||
| 100 | 1 | _aKlar, A.E. | |
| 100 | 1 | _aCataneo, A. | |
| 100 | 1 | _aBenadai, I.A.M. | |
| 100 | 1 | _aSaad, J.C. | |
| 100 | 1 | _aPicarelli, M. | |
| 111 | 1 |
_a7. Congresso Nacional de Irrigacao e Drenagem _cBrasilia, DF (Brazil) _d21 Sep 1986 |
|
| 245 | 1 | _aSelecao de plantas de trigo resistentes a seca, com e sem irrigacao | |
| 246 | 1 | _a[Selection of wheat plants resistant to drought with and without irrigation] | |
| 246 | 1 | _a[Annals of the 7th National Congress on Irrigation and Drainage] | |
| 260 | 3 |
_aBrasilia, DF (Brasil): _c1986. |
|
| 500 | _aAnais do 7. Congresso Nacional de Irrigacao e Drenagem Brasilia, DF (Brasil): 1986. v. 1 p. 53-69 (BR8707682-AM)F30 | ||
| 650 | _aTRIGO | ||
| 650 | _aVARIEDADE RESISTENTE | ||
| 650 | _aSECA | ||
| 650 | _aRELACAO AGUA-PLANTA | ||
| 773 | 0 |
_tAnais do 7. Congresso Nacional de Irrigacao e Drenagem _wF30 BR8707682 _gBrasilia, DF (Brasil), 1986. v. 1 p. 53-69 |
|
| 909 |
_a202404 _bLucia _c55 _dLucia Elande |
||
| 942 |
_cAM _2AGRIS |
||
| 999 |
_c318587 _d318587 |
||